Quiz for Riddle answer - Statistics

General Stats
  • This quiz has been taken 6 times
  • The average score is 4 of 6
Answer Stats
Hint This fills the blank labelled Answer % Correct
The muscular organ in the mouth used for tasting, swallowing, and articulating speech. b Tongue
100%
The prehensile, multi-jointed organs at the ends of the arms used for grasping, holding, and manipulating objects. d Hand
83%
A large, frightening, or imaginary creature, often dangerous or threatening. f Monster
67%
The sound produced by humans or animals using their vocal cords, used to express thoughts, feelings, or communication. a Voice
67%
Valuable or precious items, objects, or resources that are highly prized or sought after. c Treasure
33%
A small bed or support that gently rocks, often used for babies. e Cradle
17%
No matching quizzes found
Score Distribution
Percent of People with Each Score
Percentile by Number Answered
Your Score History
You have not taken this quiz